Guia prático de Fotografia de Pessoas (Record no. 42227)

MARC details
000 -Etiqueta do registo
Valores 00411nam a2200157 4500
100 ## - Dados gerais de processamento
Dados gerais 20231110 pory50
101 ## - Língua de publicação
Língua por
102 ## - País de publicação
País PT
200 ## - Titulo e menção de responsabilidade
Título próprio Guia prático de Fotografia de Pessoas
Primeira menção de responsabilidade Alison Trapmore
Outras menções de responsabilidade trad. Conceição Jardim e Eduardo Lúcio Nogueira
210 ## - Publicação
Nome do editor Presença
Data de publicação imp.1985
215 ## - Descrição física 
Paginação / Volumes 213 p.
Outras indicações físicas il.
675 ## - CDU
Notação 77
801 ## - Fonte de origem
País PT
Regras de catalogação RPC
990 ## - Elementos KOHA
Tipo de documento Livro
Holdings
Aquisição Empréstimo Código de barras Cota Permissão de empréstimo Tipo de documento Nota relativa ao exemplar
Biblioteca Escolar Doutor Hernâni Cidade Biblioteca Escolar Doutor Hernâni Cidade 55221 77 TRA FOTOGRAFIA   Livro Obra oferecida por João Aires

Powered by Koha